| 000 | 00665nam a2200205 i 4500 | ||
|---|---|---|---|
| 001 | 132310 | ||
| 003 | ES-MaACL | ||
| 005 | 20250911063552.0 | ||
| 007 | t| | ||
| 008 | 070214s1932 ag r ||||1| spa d | ||
| 100 | 0 |
_aRomero, Francisco, _d1891-1962 _999324 |
|
| 245 | 1 | 0 |
_aVieja y nueva concepción de la realidad / _cFrancisco Romero. |
| 260 |
_aBuenos Aires : _b[s.n.], _c1932 ( _fTalleres gráficos "Radio Popular") |
||
| 300 |
_a22 p. ; _c22 cm. |
||
| 500 | _aDe: Cursos y conferencias, Año II, n. 1, julio 1932. | ||
| 852 |
_aES-MaACL _j1775-F-13 |
||
| 852 |
_aES-MaACL _j1782-F-14 |
||
| 852 |
_aES-MaACL _j1762-F-18 |
||
| 999 |
_c132310 _d132310 |
||